Normal view
MARC view
Entry Topical Term
001 - CONTROL NUMBER
- control field: 11960
003 - CONTROL NUMBER IDENTIFIER
- control field: OSt
005 - DATE AND TIME OF LATEST TRANSACTION
- control field: 20191006150147.0
008 - FIXED-LENGTH DATA ELEMENTS
- fixed length control field: 191006|| aca||aabn | a|a d
040 ## - CATALOGING SOURCE
- Original cataloging agency: OSt
- Transcribing agency: OSt
150 ## - HEADING--TOPICAL TERM
- Topical term or geographic name entry element: Disaster recovery
670 ## - SOURCE DATA FOUND
- Source citation: Work cat.: (OSt): McDonnell, Simon et al 11959, A managed-participatory approach to community resilience: The case of the New York rising community reconstruction program
